Hodnotenie sociálno-environmentálnej dimenzie spoločensky zodpovedného podnikania - prípadová štúdia bakalárska práca

Guardado en:
Detalles Bibliográficos
Autor principal: Belasová, Anna
Autor Corporativo: Podnikovohospodárska fakulta EU so sídlom v Košiciach. Katedra manažmentu
Otros Autores: Stankovič, Lýdia
Formato: Libro
Lenguaje:eslovaco
Publicado: Košice 2014
Etiquetas: Agregar Etiqueta
Sin Etiquetas, Sea el primero en etiquetar este registro!

MARC

LEADER 00000nbm a2200000 4500
001 0189113
005 20170201084929.6
041 0 |a slo 
044 |a SK 
245 1 0 |a Hodnotenie sociálno-environmentálnej dimenzie spoločensky zodpovedného podnikania - prípadová štúdia  |b bakalárska práca  |c Anna Belasová ; školiteľ: Lýdia Stankovič 
264 1 |a Košice  |c 2014 
300 |a 51 s. 
100 1 |a Belasová, Anna 
700 1 |a Stankovič, Lýdia 
710 2 |a Podnikovohospodárska fakulta EU so sídlom v Košiciach. Katedra manažmentu